[Event "Turniej Blitza na II Lidze Juniorów 2018"]
[Site "Szczyrk, Poland"]
[Date "????.??.??"]
[Round "4.48"]
[White "Nowak, Patrycja"]
[Black "Kupczak, Antoni"]
[Result "0-1"]
[TimeControl "3'+2\""]
[WhiteElo "1162"]
[BlackElo "1566"]

1. e4 {[%clk 00:03:02]} {[%emt 00:00:02]} e6 {[%clk 00:03:03]} 2. d4 {[%clk
00:03:03]} {[%emt 00:00:02]} d5 {[%clk 00:03:04]} 3. Bd3 {[%clk 00:03:03]}
{[%emt 00:00:02]} Nf6 {[%clk 00:02:59]} {[%emt 00:00:07]} 4. e5 {[%clk
00:03:04]} {[%emt 00:00:01]} Nfd7 {[%clk 00:03:00]} {[%emt 00:00:01]} 5. c3
{[%clk 00:03:05]} {[%emt 00:00:01]} c5 {[%clk 00:03:00]} 6. Ne2 {[%clk
00:03:06]} {[%emt 00:00:02]} Nc6 {[%clk 00:03:01]} {[%emt 00:00:01]} 7. Be3
{[%clk 00:03:05]} {[%emt 00:00:03]} Qb6 {[%clk 00:03:00]} {[%emt 00:00:03]} 8.
dxc5 {[%clk 00:02:55]} {[%emt 00:00:13]} Bxc5 {[%clk 00:02:53]} {[%emt
00:00:08]} 9. Bxc5 {[%clk 00:02:50]} {[%emt 00:00:07]} Nxc5 {[%clk 00:02:48]}
{[%emt 00:00:07]} 10. b4 {[%clk 00:02:45]} {[%emt 00:00:07]} Nxd3+ {[%clk
00:02:42]} {[%emt 00:00:08]} 11. Qxd3 {[%clk 00:02:46]} {[%emt 00:00:02]} Nxe5
{[%clk 00:02:28]} {[%emt 00:00:16]} 12. Qg3 {[%clk 00:02:38]} {[%emt 00:00:09]}
Ng6 {[%emt 00:00:11]} 13. h4 {[%clk 00:02:38]} O-O {[%clk 00:02:04]} {[%emt
00:00:19]} 14. O-O {[%clk 00:02:38]} {[%emt 00:00:01]} Bd7 {[%clk 00:02:01]}
{[%emt 00:00:05]} 15. Nd2 {[%clk 00:02:38]} {[%emt 00:00:02]} Rac8 {[%clk
00:01:58]} {[%emt 00:00:05]} 16. Rac1 {[%clk 00:02:35]} {[%emt 00:00:05]} Qc7
{[%clk 00:01:55]} {[%emt 00:00:04]} 17. h5 {[%clk 00:02:21]} {[%emt 00:00:16]}
Qxg3 {[%clk 00:01:52]} {[%emt 00:00:06]} 18. Nxg3 {[%clk 00:02:22]} {[%emt
00:00:01]} Nf4 {[%clk 00:01:51]} {[%emt 00:00:03]} 19. Nf3 {[%clk 00:02:19]}
{[%emt 00:00:05]} Bb5 {[%clk 00:01:51]} {[%emt 00:00:01]} 20. Rfe1 {[%clk
00:02:17]} {[%emt 00:00:05]} Nd3 {[%clk 00:01:51]} {[%emt 00:00:02]} 21. Nd4
{[%clk 00:02:02]} {[%emt 00:00:17]} Bc4 {[%clk 00:01:41]} {[%emt 00:00:12]} 22.
a4 {[%clk 00:01:44]} {[%emt 00:00:20]} Nxe1 {[%clk 00:01:39]} {[%emt 00:00:04]}
23. Rxe1 {[%clk 00:01:44]} Rc7 {[%clk 00:01:25]} {[%emt 00:00:17]} 24. Rc1
{[%clk 00:01:45]} {[%emt 00:00:01]} Rfc8 {[%clk 00:01:24]} {[%emt 00:00:02]} 25.
Nb5 {[%clk 00:01:36]} {[%emt 00:00:12]} Bxb5 {[%clk 00:01:24]} {[%emt
00:00:02]} 26. axb5 {[%clk 00:01:35]} {[%emt 00:00:03]} Rxc3 {[%clk 00:01:24]}
{[%emt 00:00:02]} 27. Rxc3 {[%clk 00:01:32]} {[%emt 00:00:05]} Rxc3 {[%clk
00:01:24]} {[%emt 00:00:02]} 0-1

[Event "Turniej Blitza na II Lidze Juniorów 2018"]
[Site "Szczyrk, Poland"]
[Date "????.??.??"]
[Round "4.33"]
[White "Orlik, Sandra"]
[Black "Hals, Emilia"]
[Result "1-0"]
[TimeControl "3'+2\""]
[WhiteElo "1549"]
[BlackElo "1198"]

1. e4 {[%clk 00:03:03]} d5 {[%clk 00:03:02]} {[%emt 00:00:03]} 2. exd5 {[%clk
00:03:04]} {[%emt 00:00:02]} Qxd5 {[%clk 00:03:03]} {[%emt 00:00:01]} 3. Nc3
{[%clk 00:03:05]} {[%emt 00:00:01]} Qd6 {[%clk 00:03:03]} {[%emt 00:00:01]} 4.
d4 {[%clk 00:03:05]} {[%emt 00:00:01]} Nf6 {[%clk 00:03:04]} {[%emt 00:00:02]}
5. Nf3 {[%clk 00:03:06]} {[%emt 00:00:01]} g6 {[%clk 00:03:05]} 6. Be3 {[%clk
00:03:06]} {[%emt 00:00:03]} Bg7 {[%clk 00:03:06]} {[%emt 00:00:01]} 7. Be2
{[%clk 00:03:07]} c6 {[%clk 00:03:06]} {[%emt 00:00:02]} 8. O-O {[%clk
00:03:07]} {[%emt 00:00:02]} Bg4 {[%clk 00:03:07]} {[%emt 00:00:02]} 9. h3
{[%clk 00:03:07]} {[%emt 00:00:01]} Bxf3 {[%clk 00:03:06]} {[%emt 00:00:04]} 10.
Bxf3 {[%clk 00:03:08]} {[%emt 00:00:01]} Nbd7 {[%clk 00:03:07]} {[%emt
00:00:01]} 11. Ne2 {[%clk 00:03:06]} {[%emt 00:00:04]} Nd5 {[%clk 00:03:07]}
{[%emt 00:00:01]} 12. c4 {[%clk 00:03:04]} {[%emt 00:00:04]} Nxe3 {[%clk
00:03:08]} {[%emt 00:00:02]} 13. fxe3 {[%clk 00:03:04]} {[%emt 00:00:01]} O-O
{[%clk 00:03:02]} {[%emt 00:00:07]} 14. Rb1 {[%clk 00:03:03]} {[%emt 00:00:04]}
Rab8 {[%clk 00:03:02]} {[%emt 00:00:02]} 15. b4 {[%clk 00:03:03]} {[%emt
00:00:02]} Nf6 {[%clk 00:02:52]} {[%emt 00:00:12]} 16. Qc2 {[%clk 00:02:54]}
{[%emt 00:00:10]} e5 {[%clk 00:02:50]} {[%emt 00:00:04]} 17. g4 {[%clk
00:02:22]} {[%emt 00:00:34]} exd4 {[%clk 00:02:49]} {[%emt 00:00:04]} 18. exd4
{[%clk 00:02:21]} {[%emt 00:00:03]} Rfe8 {[%clk 00:02:35]} {[%emt 00:00:16]} 19.
Bg2 {[%clk 00:02:06]} {[%emt 00:00:17]} Re3 {[%clk 00:02:12]} {[%emt 00:00:25]}
20. Rb3 {[%clk 00:01:42]} {[%emt 00:00:25]} Rbe8 {[%clk 00:02:11]} {[%emt
00:00:04]} 21. Rxe3 {[%clk 00:01:42]} {[%emt 00:00:02]} Rxe3 {[%clk 00:02:12]}
{[%emt 00:00:01]} 22. Rf3 {[%clk 00:01:40]} {[%emt 00:00:04]} Rxf3 {[%clk
00:02:09]} {[%emt 00:00:04]} 23. Bxf3 {[%clk 00:01:41]} {[%emt 00:00:02]} Qxb4
{[%clk 00:02:09]} {[%emt 00:00:02]} 24. Kf2 {[%clk 00:01:32]} {[%emt 00:00:11]}
Nd7 {[%clk 00:01:57]} {[%emt 00:00:14]} 25. d5 {[%clk 00:01:19]} {[%emt
00:00:15]} Qc5+ {[%clk 00:01:49]} {[%emt 00:00:10]} 26. Kg2 {[%clk 00:01:16]}
{[%emt 00:00:05]} cxd5 {[%clk 00:01:50]} {[%emt 00:00:01]} 27. Bxd5 {[%clk
00:01:10]} {[%emt 00:00:09]} Nb6 {[%clk 00:01:51]} 28. Qe4 {[%clk 00:01:07]}
{[%emt 00:00:04]} Nxd5 {[%clk 00:01:47]} {[%emt 00:00:07]} 29. cxd5 {[%clk
00:01:07]} {[%emt 00:00:02]} Kf8 {[%clk 00:01:37]} {[%emt 00:00:11]} 30. a4
{[%clk 00:00:56]} {[%emt 00:00:13]} Qd6 {[%clk 00:01:33]} {[%emt 00:00:06]} 31.
Qd3 {[%clk 00:00:49]} {[%emt 00:00:09]} Be5 {[%clk 00:01:25]} {[%emt 00:00:10]}
32. Qc4 {[%clk 00:00:44]} {[%emt 00:00:07]} Qc7 {[%clk 00:01:22]} {[%emt
00:00:06]} 33. Qxc7 {[%clk 00:00:30]} {[%emt 00:00:16]} Bxc7 {[%clk 00:01:23]}
{[%emt 00:00:01]} 34. Kf3 {[%clk 00:00:31]} {[%emt 00:00:01]} Ke7 {[%clk
00:01:24]} 35. Ke4 {[%clk 00:00:32]} Kf6 {[%clk 00:01:15]} {[%emt 00:00:11]} 36.
h4 {[%clk 00:00:30]} {[%emt 00:00:03]} h5 {[%clk 00:00:59]} {[%emt 00:00:19]}
37. gxh5 {[%clk 00:00:21]} {[%emt 00:00:11]} gxh5 {[%clk 00:01:00]} {[%emt
00:00:01]} 38. Nd4 {[%clk 00:00:22]} Bg3 {[%clk 00:00:51]} {[%emt 00:00:10]} 39.
Nf5 {[%clk 00:00:23]} {[%emt 00:00:02]} a6 {[%clk 00:00:46]} {[%emt 00:00:08]}
40. Nxg3 {[%clk 00:00:21]} {[%emt 00:00:04]} Ke7 {[%clk 00:00:44]} {[%emt
00:00:03]} 41. Nxh5 {[%clk 00:00:21]} {[%emt 00:00:02]} Kd6 {[%clk 00:00:45]}
{[%emt 00:00:01]} 42. Kd4 {[%clk 00:00:22]} f5 {[%clk 00:00:45]} {[%emt
00:00:02]} 43. Nf4 {[%clk 00:00:23]} {[%emt 00:00:01]} Ke7 {[%clk 00:00:44]}
{[%emt 00:00:03]} 44. h5 {[%clk 00:00:24]} Kf6 {[%clk 00:00:46]} 45. h6 {[%clk
00:00:25]} Kf7 {[%clk 00:00:46]} {[%emt 00:00:01]} 46. d6 {[%clk 00:00:25]}
{[%emt 00:00:02]} 1-0

[Event "Turniej Blitza na II Lidze Juniorów 2018"]
[Site "Szczyrk, Poland"]
[Date "????.??.??"]
[Round "4.18"]
[White "Temel, Jan"]
[Black "Matyszkiewicz, Wiktor"]
[Result "1-0"]
[TimeControl "3'+2\""]
[WhiteElo "1796"]
[BlackElo "1431"]

1. Nf3 {[%clk 00:03:03]} {[%emt 00:01:15]} Nf6 {[%clk 00:03:03]} {[%emt
00:00:01]} 2. g3 {[%clk 00:03:03]} {[%emt 00:00:03]} g6 {[%clk 00:03:04]}
{[%emt 00:00:01]} 3. Bg2 {[%clk 00:03:04]} {[%emt 00:00:01]} Bg7 {[%clk
00:03:05]} {[%emt 00:00:01]} 4. O-O {[%clk 00:03:05]} {[%emt 00:00:01]} O-O
{[%clk 00:03:05]} {[%emt 00:00:02]} 5. d3 {[%clk 00:03:06]} d6 {[%clk
00:02:58]} {[%emt 00:00:09]} 6. e4 {[%clk 00:02:53]} {[%emt 00:00:14]} e5
{[%clk 00:02:59]} {[%emt 00:00:01]} 7. Bg5 {[%clk 00:02:52]} {[%emt 00:00:04]}
h6 {[%emt 00:00:01]} 8. Bd2 {[%clk 00:02:47]} {[%emt 00:00:06]} Nc6 {[%clk
00:02:59]} {[%emt 00:00:03]} 9. Nc3 {[%clk 00:02:47]} {[%emt 00:00:03]} Bg4
{[%clk 00:02:53]} {[%emt 00:00:07]} 10. h3 {[%clk 00:02:48]} {[%emt 00:00:02]}
Be6 {[%clk 00:02:54]} 11. g4 {[%clk 00:02:43]} {[%emt 00:00:07]} Qd7 {[%clk
00:02:44]} {[%emt 00:00:11]} 12. Kh2 {[%clk 00:02:43]} {[%emt 00:00:03]} Ne7
{[%clk 00:01:59]} {[%emt 00:00:45]} 13. g5 {[%clk 00:02:32]} {[%emt 00:00:14]}
hxg5 {[%clk 00:02:00]} {[%emt 00:00:01]} 14. Nxg5 {[%clk 00:02:28]} {[%emt
00:00:06]} c6 {[%clk 00:01:59]} {[%emt 00:00:03]} 15. f4 {[%clk 00:02:23]}
{[%emt 00:00:07]} exf4 {[%clk 00:01:50]} {[%emt 00:00:11]} 16. Bxf4 {[%clk
00:02:23]} {[%emt 00:00:03]} Nh5 {[%clk 00:01:49]} {[%emt 00:00:03]} 17. Bd2
{[%clk 00:02:10]} {[%emt 00:00:15]} Be5+ {[%clk 00:01:49]} {[%emt 00:00:02]} 18.
Kg1 {[%clk 00:02:08]} {[%emt 00:00:03]} Bd4+ {[%clk 00:01:38]} {[%emt
00:00:13]} 19. Kh2 {[%clk 00:02:05]} {[%emt 00:00:05]} Be5+ {[%clk 00:01:39]}
{[%emt 00:00:02]} 20. Kg1 {[%clk 00:02:02]} {[%emt 00:00:05]} Bd4+ {[%clk
00:01:40]} {[%emt 00:00:02]} 21. Kh1 {[%clk 00:02:02]} {[%emt 00:00:01]} Ng3+
{[%clk 00:01:39]} {[%emt 00:00:02]} 22. Kh2 {[%clk 00:02:01]} {[%emt 00:00:04]}
Nxf1+ {[%clk 00:01:40]} {[%emt 00:00:01]} 23. Qxf1 {[%clk 00:01:56]} {[%emt
00:00:07]} Be5+ {[%clk 00:01:39]} {[%emt 00:00:03]} 24. Kh1 {[%clk 00:01:54]}
{[%emt 00:00:04]} f6 {[%clk 00:01:25]} {[%emt 00:00:15]} 25. Nf3 {[%clk
00:01:51]} {[%emt 00:00:06]} f5 {[%clk 00:01:24]} {[%emt 00:00:03]} 26. Qf2
{[%clk 00:01:46]} {[%emt 00:00:07]} fxe4 {[%clk 00:01:20]} {[%emt 00:00:06]} 27.
Nxe4 {[%clk 00:01:46]} {[%emt 00:00:02]} Kg7 {[%clk 00:01:09]} {[%emt
00:00:13]} 28. Neg5 {[%clk 00:01:34]} {[%emt 00:00:13]} Bd5 {[%clk 00:00:57]}
{[%emt 00:00:14]} 29. c3 {[%clk 00:01:28]} {[%emt 00:00:08]} Bxf3 {[%clk
00:00:54]} {[%emt 00:00:05]} 30. Nxf3 {[%clk 00:01:26]} {[%emt 00:00:05]} Rf5
{[%clk 00:00:50]} {[%emt 00:00:06]} 31. Qe3 {[%clk 00:01:13]} {[%emt 00:00:15]}
Bf4 {[%clk 00:00:49]} {[%emt 00:00:03]} 32. Qd4+ {[%clk 00:01:14]} {[%emt
00:00:01]} Be5 {[%clk 00:00:47]} {[%emt 00:00:04]} 33. Nxe5 {[%clk 00:01:14]}
{[%emt 00:00:02]} Rxe5 {[%clk 00:00:46]} {[%emt 00:00:03]} 34. Bf4 {[%clk
00:01:14]} {[%emt 00:00:01]} Qf5 {[%clk 00:00:35]} {[%emt 00:00:14]} 35. Re1
{[%clk 00:01:09]} {[%emt 00:00:07]} Kh7 {[%clk 00:00:31]} {[%emt 00:00:06]} 36.
Bxe5 {[%clk 00:01:07]} {[%emt 00:00:04]} dxe5 {[%clk 00:00:32]} {[%emt
00:00:01]} 37. Rxe5 {[%clk 00:01:08]} {[%emt 00:00:01]} Qf6 {[%clk 00:00:28]}
{[%emt 00:00:06]} 38. Rh5+ {[%clk 00:01:00]} {[%emt 00:00:10]} Kg7 {[%clk
00:00:29]} {[%emt 00:00:02]} 39. Rh7+ {[%clk 00:01:00]} {[%emt 00:00:01]} 1-0

[Event "Turniej Blitza na II Lidze Juniorów 2018"]
[Site "Szczyrk, Poland"]
[Date "????.??.??"]
[Round "4.9"]
[White "Jaromin, Michal"]
[Black "Majek, Kacper"]
[Result "1-0"]
[TimeControl "3'+2\""]
[WhiteElo "1641"]
[BlackElo "1687"]

1. e4 {[%clk 00:03:03]} {[%emt 00:09:03]} b6 {[%clk 00:03:04]} {[%emt
00:00:01]} 2. d4 {[%clk 00:03:04]} Bb7 {[%clk 00:03:05]} 3. Nc3 {[%clk
00:03:05]} e6 {[%clk 00:03:06]} 4. Bd3 {[%clk 00:03:06]} {[%emt 00:00:01]} Bb4
{[%clk 00:03:07]} {[%emt 00:00:01]} 5. Nf3 {[%clk 00:03:06]} {[%emt 00:00:02]}
Nf6 {[%clk 00:03:06]} {[%emt 00:00:03]} 6. Qe2 {[%clk 00:03:04]} {[%emt
00:00:04]} d5 {[%clk 00:03:07]} {[%emt 00:00:01]} 7. e5 {[%clk 00:03:05]}
{[%emt 00:00:02]} Ne4 {[%clk 00:03:08]} 8. Bd2 {[%clk 00:03:04]} {[%emt
00:00:03]} Nxd2 {[%clk 00:03:08]} {[%emt 00:00:02]} 9. Qxd2 {[%clk 00:03:04]}
{[%emt 00:00:02]} c5 {[%clk 00:03:09]} {[%emt 00:00:01]} 10. a3 {[%clk
00:03:01]} {[%emt 00:00:05]} Ba5 {[%clk 00:03:11]} 11. O-O {[%clk 00:02:53]}
{[%emt 00:00:09]} Nc6 {[%clk 00:03:07]} {[%emt 00:00:05]} 12. Be2 {[%clk
00:02:52]} {[%emt 00:00:04]} cxd4 {[%clk 00:02:59]} {[%emt 00:00:10]} 13. Nxd4
{[%clk 00:02:53]} {[%emt 00:00:02]} Bxc3 {[%clk 00:02:54]} {[%emt 00:00:06]} 14.
Qxc3 {[%clk 00:02:51]} {[%emt 00:00:04]} Rc8 {[%clk 00:02:28]} {[%emt
00:00:29]} 15. Bb5 {[%clk 00:02:41]} {[%emt 00:00:11]} Qc7 {[%clk 00:02:24]}
{[%emt 00:00:06]} 16. Qb4 {[%clk 00:02:15]} {[%emt 00:00:28]} Qe7 {[%clk
00:01:53]} {[%emt 00:00:33]} 17. Qc3 {[%clk 00:02:00]} {[%emt 00:00:16]} Qc7
{[%clk 00:01:54]} {[%emt 00:00:03]} 18. Qb4 {[%clk 00:01:54]} {[%emt 00:00:08]}
a6 {[%clk 00:01:44]} {[%emt 00:00:12]} 19. Bxc6+ {[%clk 00:01:53]} {[%emt
00:00:02]} Bxc6 {[%clk 00:01:44]} 20. Nxc6 {[%clk 00:01:54]} {[%emt 00:00:02]}
Qxc6 {[%clk 00:01:45]} {[%emt 00:00:02]} 21. c3 {[%clk 00:01:53]} {[%emt
00:00:02]} Qc5 {[%clk 00:01:41]} {[%emt 00:00:06]} 22. Qa4+ {[%clk 00:01:52]}
{[%emt 00:00:03]} Qb5 {[%clk 00:01:24]} {[%emt 00:00:20]} 23. Qxb5+ {[%clk
00:01:44]} {[%emt 00:00:09]} axb5 {[%clk 00:01:25]} 24. a4 {[%clk 00:01:38]}
{[%emt 00:00:09]} bxa4 {[%clk 00:01:22]} {[%emt 00:00:04]} 25. Rxa4 {[%clk
00:01:38]} {[%emt 00:00:02]} O-O {[%clk 00:01:14]} {[%emt 00:00:10]} 26. Rfa1
{[%clk 00:01:40]} Rc4 {[%clk 00:01:05]} {[%emt 00:00:11]} 27. Rxc4 {[%clk
00:01:29]} {[%emt 00:00:12]} dxc4 {[%clk 00:01:06]} {[%emt 00:00:02]} 28. Ra6
{[%clk 00:01:29]} {[%emt 00:00:01]} Rb8 {[%clk 00:00:51]} {[%emt 00:00:17]} 29.
f4 {[%clk 00:01:28]} {[%emt 00:00:03]} h5 {[%clk 00:00:45]} {[%emt 00:00:08]}
30. Kf2 {[%clk 00:01:29]} Kh7 {[%clk 00:00:44]} {[%emt 00:00:04]} 31. Ke3
{[%clk 00:01:30]} {[%emt 00:00:01]} Kg6 {[%clk 00:00:42]} {[%emt 00:00:04]} 32.
Kd4 {[%clk 00:01:25]} {[%emt 00:00:06]} b5 {[%clk 00:00:43]} {[%emt 00:00:02]}
33. Kc5 {[%clk 00:01:26]} Kf5 {[%clk 00:00:37]} {[%emt 00:00:08]} 34. g3 {[%clk
00:01:27]} h4 {[%clk 00:00:36]} {[%emt 00:00:04]} 35. Ra7 {[%clk 00:01:27]}
{[%emt 00:00:01]} hxg3 {[%clk 00:00:21]} {[%emt 00:00:17]} 36. hxg3 {[%clk
00:01:25]} {[%emt 00:00:05]} f6 {[%clk 00:00:16]} {[%emt 00:00:06]} 37. Rxg7
{[%clk 00:01:23]} {[%emt 00:00:03]} fxe5 {[%clk 00:00:16]} {[%emt 00:00:03]} 38.
Rg5 {[%emt 00:00:04]} Ke4 {[%clk 00:00:05]} {[%emt 00:00:09]} 39. Rxe5+ {[%clk
00:01:25]} {[%emt 00:00:02]} Kf3 {[%clk 00:00:07]} 40. Rxe6 {[%clk 00:01:25]}
{[%emt 00:00:02]} Kxg3 {[%clk 00:00:07]} 41. f5 {[%clk 00:01:26]} {[%emt
00:00:02]} Kg4 {[%clk 00:00:05]} {[%emt 00:00:04]} 42. Rb6 {[%clk 00:01:24]}
{[%emt 00:00:04]} Ra8 {[%clk 00:00:04]} {[%emt 00:00:04]} 43. Rxb5 {[%clk
00:01:23]} {[%emt 00:00:03]} Ra2 {[%clk 00:00:04]} {[%emt 00:00:02]} 44. Kxc4
{[%clk 00:01:23]} {[%emt 00:00:01]} Kg5 {[%clk 00:00:04]} {[%emt 00:00:02]} 45.
b4 {[%clk 00:01:23]} {[%emt 00:00:02]} Kf6 {[%clk 00:00:05]} {[%emt 00:00:02]}
46. Rd5 {[%clk 00:01:23]} {[%emt 00:00:01]} Ra6 {[%clk 00:00:05]} {[%emt
00:00:02]} 47. Kc5 {[%clk 00:01:23]} {[%emt 00:00:02]} Kf7 {[%clk 00:00:04]}
{[%emt 00:00:03]} 48. b5 {[%clk 00:01:23]} {[%emt 00:00:02]} Ra5 {[%clk
00:00:05]} 49. c4 {[%clk 00:01:23]} {[%emt 00:00:03]} Kf6 {[%clk 00:00:06]} 50.
Kc6 {[%clk 00:01:24]} 1-0

[Event "Turniej Blitza na II Lidze Juniorów 2018"]
[Site "Szczyrk, Poland"]
[Date "????.??.??"]
[Round "4.8"]
[White "Laszczak, Przemyslaw"]
[Black "Luczak, Filip"]
[Result "1-0"]
[TimeControl "3'+2\""]
[BlackTitle "CM"]
[WhiteElo "1748"]
[BlackElo "1935"]

1. d4 {[%emt 00:01:52]} Nf6 {[%emt 00:00:01]} 2. c4 g6 {[%emt 00:00:01]} 3. Nc3
Bg7 4. e4 d6 5. f4 c5 {[%emt 00:00:05]} 6. d5 {[%emt 00:00:01]} O-O {[%emt
00:00:01]} 7. Nf3 {[%emt 00:00:01]} e6 {[%emt 00:00:03]} 8. Be2 exd5 {[%emt
00:00:01]} 9. cxd5 Nbd7 {[%emt 00:00:18]} 10. O-O {[%emt 00:00:02]} Re8 {[%emt
00:00:01]} 11. Qc2 {[%emt 00:00:13]} a6 {[%emt 00:00:05]} 12. a4 {[%emt
00:00:02]} Rb8 {[%emt 00:00:01]} 13. Nd2 {[%emt 00:00:02]} Qe7 {[%emt
00:00:17]} 14. a5 {[%emt 00:00:26]} b5 {[%emt 00:00:06]} 15. axb6 Nxb6 {[%emt
00:00:01]} 16. Bf3 {[%emt 00:00:11]} Bg4 {[%emt 00:00:18]} 17. Re1 {[%emt
00:00:09]} Bxf3 {[%emt 00:00:05]} 18. Nxf3 {[%emt 00:00:03]} Qb7 {[%emt
00:00:14]} 19. Qd3 {[%emt 00:00:45]} c4 {[%emt 00:00:11]} 20. Qc2 {[%emt
00:00:01]} Nbd7 {[%emt 00:00:03]} 21. Be3 {[%emt 00:00:14]} Ng4 {[%emt
00:00:08]} 22. Bd4 {[%emt 00:00:05]} Bxd4+ {[%emt 00:00:03]} 23. Nxd4 Qb6
{[%emt 00:00:01]} 24. Qd2 {[%emt 00:00:21]} Nc5 {[%emt 00:00:25]} 25. Kh1
{[%emt 00:00:02]} Nb3 {[%emt 00:00:08]} 26. Nxb3 {[%emt 00:00:06]} Nf2+ {[%emt
00:00:06]} 27. Kg1 {[%emt 00:00:02]} Nxe4+ {[%emt 00:00:22]} 28. Qd4 {[%emt
00:00:16]} Qxb3 {[%emt 00:00:38]} 29. Nxe4 {[%emt 00:00:01]} Qb4 {[%emt
00:00:06]} 30. Nf6+ {[%emt 00:00:02]} 1-0

[Event "Turniej Blitza na II Lidze Juniorów 2018"]
[Site "Szczyrk, Poland"]
[Date "????.??.??"]
[Round "4.55"]
[White "Klim, Filip"]
[Black "Klim, Juliusz"]
[Result "0-1"]
[TimeControl "3'+2\""]
[WhiteElo "1338"]
[BlackElo "1110"]

1. d4 d5 2. Nf3 {[%clk 00:03:02]} {[%emt 00:00:02]} c6 {[%clk 00:03:02]} {[%emt
00:00:03]} 3. c4 {[%clk 00:02:55]} {[%emt 00:00:09]} dxc4 {[%clk 00:03:00]}
{[%emt 00:00:04]} 4. e4 {[%emt 00:00:09]} b5 {[%emt 00:00:04]} 5. a4 {[%clk
00:02:40]} {[%emt 00:00:10]} Nf6 {[%clk 00:02:55]} {[%emt 00:00:05]} 6. e5
{[%clk 00:02:19]} {[%emt 00:00:23]} Nd5 {[%clk 00:02:42]} {[%emt 00:00:15]} 7.
Nc3 {[%clk 00:02:15]} {[%emt 00:00:07]} Nxc3 {[%emt 00:00:04]} 8. bxc3 {[%emt
00:00:02]} Bf5 {[%clk 00:02:39]} {[%emt 00:00:02]} 9. Be3 {[%clk 00:02:03]}
{[%emt 00:00:14]} e6 {[%clk 00:02:35]} {[%emt 00:00:06]} 10. g3 {[%clk
00:01:51]} {[%emt 00:00:15]} Nd7 {[%clk 00:02:25]} {[%emt 00:00:12]} 11. Bg2
{[%clk 00:01:45]} {[%emt 00:00:07]} Be7 {[%clk 00:02:24]} {[%emt 00:00:03]} 12.
O-O {[%emt 00:00:08]} O-O {[%emt 00:00:03]} 13. Nd2 {[%clk 00:01:27]} {[%emt
00:00:15]} Rc8 {[%clk 00:02:12]} {[%emt 00:00:13]} 14. axb5 {[%clk 00:01:22]}
{[%emt 00:00:06]} cxb5 {[%clk 00:02:08]} {[%emt 00:00:06]} 15. Rxa7 {[%clk
00:01:19]} {[%emt 00:00:06]} b4 {[%clk 00:02:01]} {[%emt 00:00:08]} 16. Qa4
{[%clk 00:01:09]} {[%emt 00:00:12]} Rc7 {[%clk 00:01:32]} {[%emt 00:00:31]} 17.
Ra8 {[%clk 00:00:58]} {[%emt 00:00:13]} Rc8 {[%clk 00:01:29]} {[%emt 00:00:06]}
18. Ra7 {[%clk 00:00:51]} {[%emt 00:00:09]} Rc7 {[%clk 00:01:27]} {[%emt
00:00:03]} 19. Nxc4 {[%clk 00:00:44]} {[%emt 00:00:08]} Rxc4 {[%clk 00:01:18]}
{[%emt 00:00:11]} 20. Rxd7 {[%clk 00:00:43]} {[%emt 00:00:04]} Qc8 {[%clk
00:01:09]} {[%emt 00:00:11]} 21. Rxe7 {[%clk 00:00:39]} {[%emt 00:00:06]} bxc3
{[%clk 00:01:06]} {[%emt 00:00:05]} 22. Rc1 {[%clk 00:00:40]} {[%emt 00:00:01]}
Rxa4 {[%clk 00:01:05]} {[%emt 00:00:02]} 23. Bb7 {[%clk 00:00:37]} {[%emt
00:00:06]} Qb8 {[%clk 00:01:02]} {[%emt 00:00:05]} 24. Rxc3 {[%clk 00:00:35]}
{[%emt 00:00:04]} Ra7 {[%clk 00:01:00]} {[%emt 00:00:04]} 25. Rcc7 {[%clk
00:00:31]} {[%emt 00:00:07]} Be4 {[%clk 00:00:44]} {[%emt 00:00:18]} 26. Bxe4
{[%clk 00:00:10]} {[%emt 00:00:23]} Rxc7 {[%clk 00:00:44]} 27. Rxc7 {[%clk
00:00:09]} {[%emt 00:00:05]} Qxc7 {[%clk 00:00:44]} 28. Bf4 {[%clk 00:00:08]}
{[%emt 00:00:04]} Qc4 {[%clk 00:00:42]} {[%emt 00:00:04]} 29. Be3 {[%clk
00:00:06]} {[%emt 00:00:04]} Rb8 {[%clk 00:00:40]} {[%emt 00:00:04]} 30. Kg2
{[%clk 00:00:06]} {[%emt 00:00:02]} Rb3 {[%clk 00:00:38]} {[%emt 00:00:04]} 31.
Kf3 {[%clk 00:00:05]} {[%emt 00:00:04]} Qxd4 {[%clk 00:00:36]} {[%emt
00:00:03]} 32. Kf4 {[%clk 00:00:04]} {[%emt 00:00:03]} g5+ {[%clk 00:00:32]}
{[%emt 00:00:05]} 33. Kf3 {[%emt 00:00:05]} g4+ {[%emt 00:00:04]} 34. Kf4
{[%emt 00:00:06]} Qc4 {[%emt 00:00:08]} 0-1